00430cam a22001572 4500001001100000005001700011008004100028040001500069100003200084245004100116250001300157260004400170300001100214651004400225852000300269000000974620151217155843.0081125s xx 000 0 eng d aKABUcKABU1 aKirkman, James.@000014873610aFort Jesus Mombasa /cJames Kirkman. a5th ed. aMombasa, Kenya :bRodwell Press,c1970. a25 p. 0aFort Jesus, Mombasa (Kenya)@00001615141